Markets (Record no. 83781)

MARC details
000 -LEADER
fixed length control field 01093cab a22001935a 4500
001 - CONTROL NUMBER
control field L155020
008 - FIXED-LENGTH DATA ELEMENTS--GENERAL INFORMATION
fixed length control field 120220e20120210xxk 000 0 eng d
035 ## - SYSTEM CONTROL NUMBER
System control number (Sirsi) u155020
041 0# - LANGUAGE CODE
Language code of text/sound track or separate title eng
100 1# - MAIN ENTRY--PERSONAL NAME
Personal name Sandher, Hardeep
245 00 - TITLE STATEMENT
Title Markets
Remainder of title London, West End
490 #0 - SERIES STATEMENT
Series statement Property Week
Volume/sequential designation 78(06) 10 February 2012, 43-50(5)
520 ## - SUMMARY, ETC.
Summary, etc. Grosvenor seeks partners to increase its hotel portfolio across Mayfair and Belgravia. West End retailers are on the blocks for the 'Shopping Olympics' but there are questions whether the West End will be a winner. Burberry's flagship London store leads Regent Street's bid to gain more Olympic trade. Shaftesbury, the REIT owning 12.5 acres of commercial/residential property, is putting £6.8m refurbishment funding into its Carnaby Village creative fashion hub. Aviva's £500m West End property sales will help finance five new large-scale schemes in the area. Mira Bar-Hillel analyses the Westminster parking fiasco.
590 ## - LOCAL NOTE (RLIN)
Local note KA
651 #4 - SUBJECT ADDED ENTRY--GEOGRAPHIC NAME
Geographic name London
690 ## - LOCAL SUBJECT ADDED ENTRY--TOPICAL TERM (OCLC, RLIN)
Topical term or geographic name as entry element Commercial property
9 (RLIN) 6227
700 1# - ADDED ENTRY--PERSONAL NAME
Personal name Bar-Hillel, Mira
942 ## - ADDED ENTRY ELEMENTS (KOHA)
Suppress in OPAC 0
Holdings
Withdrawn status Lost status Source of classification or shelving scheme Damaged status Not for loan Home library Current library Shelving location Date acquired Total Checkouts Full call number Barcode Date last seen Copy number Price effective from Koha item type
    Dewey Decimal Classification     London London Journal article 20/02/2012   L155020 155020-1001 06/08/2019 1 06/08/2019 Journal article